El sistema de partidos políticos en Costa Rica durante la segunda mitad del siglo XX (Registro nro. 9126)
[ vista simple ]
| 000 -Cabecera | |
|---|---|
| Campo de control de longitud fija | 00682ntm a22002537a 4500 |
| 005 - Fecha y hora de la última transacción | |
| Campo de control | 20231016164956.0 |
| 008 - Elementos de longitud fija--Información general | |
| Campo de control de longitud fija | 170323b2005 xxu||||| |||| 00| 0 spa d |
| 020 ## - International Standard Book Number | |
| Número Internacional Estándar del Libro (ISBN) | 9789977679488 |
| 041 ## - Idioma | |
| Código de idioma | Español |
| 082 ## - Clasificación Decimal Dewey | |
| Número de clasificación | 324.272.86 Ch39s |
| 100 ## - Entrada principal--Autor personal | |
| Nombre personal | Chinchilla Coto, José Carlos |
| 9 (RLIN) | 41532 |
| 245 ## - Título propiamente dicho | |
| Título | El sistema de partidos políticos en Costa Rica durante la segunda mitad del siglo XX |
| 260 ## - Pie de imprenta | |
| Lugar de publicación, distribución, etc. | Costa Rica |
| 260 ## - Pie de imprenta | |
| Nombre del editor, distribuidor, etc. | UCR |
| 260 ## - Pie de imprenta | |
| Fecha de publicación, distribución, etc. | 2005 |
| 300 ## - Descripción física | |
| Extensión | 28 páginas |
| 650 ## - Materia general | |
| Temática (materia general) | COSTA RICA |
| 650 ## - Materia general | |
| Temática (materia general) | PARTIDOS POLÍTICOS |
| 650 ## - Materia general | |
| Temática (materia general) | POLÍTICA |
| 650 ## - Materia general | |
| Temática (materia general) | GOBIERNO |
| 650 ## - Materia general | |
| Temática (materia general) | DEMOCRACIA |
| 650 ## - Materia general | |
| Temática (materia general) | SIGLO XX |
| 942 ## - Punto de acceso adicional KOHA | |
| Tipo de ítem KOHA | Libro |
| Fuente del sistema de clasificación o colocación | Dewey Decimal Classification |
| Signatura completa | Código de barras | Tipo de ítem |
|---|---|---|
| 324.272.86 Ch39s | 21804 | Libro |